000
00324nam a22001457a 4500
008
210511b ||||| |||| 00| 0 eng d
020
_a
9780486463322
041
_a
eng
080
_2
4th
_a
82
082
_a
82
100
_a
21
101
_a
GJL
245
_a
The World's Great Speeches
_c
Lewis Copeland
942
_2
udc
_c
BK
999
_c
57149
_d
57149